<?xml version="1.0" encoding="UTF-8"?>
<collection xmlns="http://www.loc.gov/MARC21/slim">
  <record>
    <leader>00000nam  2200000   4500</leader>
    <controlfield tag="001">INLIS000000000000356</controlfield>
    <controlfield tag="005">20180724134702</controlfield>
    <controlfield tag="008">180724|||||||||   |   |||   |||| ||   | </controlfield>
    <datafield tag="035" ind1=" " ind2=" ">
      <subfield code="0">010-0718000356</subfield>
    </datafield>
    <datafield tag="041" ind1=" " ind2=" ">
      <subfield code="a">id</subfield>
    </datafield>
    <datafield tag="082" ind1=" " ind2=" ">
      <subfield code="a">002</subfield>
    </datafield>
    <datafield tag="090" ind1=" " ind2=" ">
      <subfield code="a">R 002 PIM I 2014</subfield>
    </datafield>
    <datafield tag="100" ind1=" " ind2=" ">
      <subfield code="a">Witjaksono Hadi, Djati</subfield>
    </datafield>
    <datafield tag="245" ind1=" " ind2=" ">
      <subfield code="a">Pengembangan Sistem Informasi Perizinan Di Bidang Kehutanan Dalam Peningkatan Pelayanan Publik</subfield>
    </datafield>
    <datafield tag="260" ind1=" " ind2=" ">
      <subfield code="a">Jakarta</subfield>
      <subfield code="b">LAN Jakarta</subfield>
      <subfield code="c">2014</subfield>
    </datafield>
    <datafield tag="300" ind1=" " ind2=" ">
      <subfield code="a">48 hlm.</subfield>
    </datafield>
    <datafield tag="500" ind1=" " ind2=" ">
      <subfield code="a">Reformasi pelayanan perizinan di Kementerian Kehutanan dilakukan dengan berbagai cara dan pendekatan, yaitu dengan membangun dan menyempurnakan peraturan perundang-undangan yang mengatur sistem pelayanan perizinan, penyediaan fasilitas  yang memadai, penyediaan tenaga pelayanan yang memadai, serta control yang memadai agar semua pihak baik pengguna layanan maupun penyedia layanan menggunakan system dan fasilitas yang telah disediakan.</subfield>
    </datafield>
    <datafield tag="650" ind1=" " ind2=" ">
      <subfield code="a">Perizinan</subfield>
    </datafield>
  </record>
</collection>
